000
00270nam a2200097Ia 4500
001
683444
005
20250826161438.0
008
250824s9999 xx 000 0 und d
245
0
_a
ÖZGÜRLÜK SAVAŞÇISI ŞEYH ŞAMİL
_c
AHMET YILMAZ BOYUNAĞA
260
_b
TİMAŞ YAYINLARI
999
_c
683444
_d
683444